Türkiye'deki En Kalabalık İlçeler - Statistics

General Stats
  • This quiz has been taken 223 times
  • The average score is 40 of 100
Answer Stats
SIRA ŞEHİR İLÇE NÜFUS % Correct
32. İstanbul Kadıköy 467.919
81%
1. İstanbul Esenyurt 978.007
77%
3. Ankara Çankaya 937.546
73%
25. İstanbul Üsküdar 517.348
65%
11. İstanbul Bağcılar 719.071
64%
59. İstanbul Fatih 356.025
64%
8. Adana Seyhan 787.771
64%
21. Bursa Nilüfer 543.934
62%
4. Ankara Keçiören 923.404
60%
9. İstanbul Pendik 743.774
59%
16. Ankara Etimesgut 617.229
58%
7. İstanbul Küçükçekmece 792.030
58%
84. İstanbul Büyükçekmece 276.572
57%
37. İstanbul Esenler 427.901
57%
64. İstanbul Sarıyer 344.250
56%
10. İstanbul Ümraniye 723.760
56%
14. Ankara Mamak 682.279
55%
53. Kocaeli İzmit 378.656
54%
91. İstanbul Şişli 264.736
54%
44. İstanbul Beylikdüzü 409.347
53%
5. Bursa Osmangazi 885.273
53%
27. İstanbul Başakşehir 509.915
52%
65. İzmir Karşıyaka 341.857
52%
31. İstanbul Kartal 475.042
52%
2. Gaziantep Şahinbey 939.497
52%
6. Gaziantep Şehitkamil 867.193
52%
19. Ankara Sincan 571.889
52%
36. İstanbul Avcılar 437.221
51%
23. İzmir Buca 523.487
51%
46. Kocaeli Gebze 407.436
51%
24. İstanbul Maltepe 523.137
51%
78. İstanbul Tuzla 293.604
51%
58. Antalya Alanya 359.891
50%
34. İzmir Bornova 447.553
50%
99. İstanbul Beykoz 245.647
49%
42. İstanbul Ataşehir 416.529
47%
29. İstanbul Gaziosmanpaşa 483.830
45%
68. İzmir Konak 327.300
45%
12. Ankara Yenimahalle 701.638
45%
57. İstanbul Sultanbeyli 360.702
44%
100. Samsun Atakum 245.328
43%
20. İstanbul Bahçelievler 567.848
43%
88. İstanbul Güngören 269.944
43%
26. Antalya Muratpaşa 512.700
42%
13. Konya Selçuklu 695.771
42%
22. İstanbul Sultangazi 532.802
42%
77. Tekirdağ Çorlu 294.020
41%
80. İstanbul Zeytinburnu 280.896
41%
76. Hatay Antakya 298.620
40%
40. Eskişehir Odunpazarı 421.469
40%
28. İstanbul Sancaktepe 492.804
40%
67. İstanbul Arnavutköy 336.062
39%
74. İstanbul Çekmeköy 299.806
39%
41. İstanbul Eyüpsultan 420.194
39%
35. İstanbul Kağıthane 445.672
39%
94. Antalya Manavgat 258.367
39%
17. Antalya Kepez 614.135
38%
15. Bursa Yıldırım 654.491
38%
60. Mersin Tarsus 353.469
37%
43. Ankara Altındağ 412.267
36%
81. Sakarya Adapazarı 279.431
35%
75. Bursa İnegöl 299.203
35%
90. İstanbul Bayrampaşa 268.850
34%
55. Adana Çukurova 374.205
34%
62. Konya Meram 347.341
34%
18. Kayseri Melikgazi 585.483
32%
38. Kahramanmaraş Onikişubat 427.272
31%
47. Adana Yüreğir 402.345
31%
30. İzmir Karabağlar 476.500
30%
72. Aydın Efeler 308.039
29%
63. Denizli Pamukkale 346.047
29%
33. Batman Batman-Merkez 464.649
28%
70. Samsun İlkadım 322.228
28%
85. Şanlıurfa Siverek 271.832
28%
56. Sivas Sivas-Merkez 362.300
27%
82. Mersin Yenişehir 277.445
27%
92. Mersin Akdeniz 260.879
26%
49. Diyarbakır Bağlar 394.338
26%
73. İzmir Bayraklı 300.949
26%
93. Çorum Çorum-Merkez 259.596
26%
98. Isparta Isparta-Merkez 250.134
26%
54. Konya Karatay 375.919
26%
97. Aksaray Aksaray-Merkez 251.147
25%
52. Elazığ Elazığ-Merkez 379.595
24%
95. Kütahya Kütahya-Merkez 257.075
24%
51. Eskişehir Tepebaşı 390.116
24%
96. Afyonkarahisar Afyonkarahisar-Merkez 254.384
23%
45. Kayseri Kocasinan 407.600
23%
69. Trabzon Ortahisar 322.702
23%
87. Manisa Yunusemre 270.726
23%
61. Van İpekyolu 350.708
21%
66. Denizli Merkezefendi 340.400
21%
48. Şanlıurfa Eyyübiye 400.084
20%
71. Mersin Toroslar 320.377
20%
50. Şanlıurfa Haliliye 392.600
17%
39. Diyarbakır Kayapınar 425.143
17%
86. Mardin Kızıltepe 271.307
17%
89. Malatya Battalgazi 269.150
16%
79. Malatya Yeşilyurt 286.918
16%
83. Şanlıurfa Karaköprü 277.160
13%
No matching quizzes found
Score Distribution
Percent of People with Each Score
Percentile by Number Answered
Your Score History
You have not taken this quiz